| 000 | 00610nam a2200193Ia 4500 | ||
|---|---|---|---|
| 003 | IN-BaIIA | ||
| 008 | 211028s9999 xx 000 0 eng d | ||
| 020 | _a0-7923-2919-8 | ||
| 040 | _cIIA Library | ||
| 080 |
_a52(082.1) _bASS-191 |
||
| 100 |
_aSomov, B. V _919274 |
||
| 245 | 0 |
_aFundamentals of cosmic electrodynamics _cB. V. Somov |
|
| 260 |
_aDordrecht _bKluwer Academic _c1994 |
||
| 300 | _axii, 364p. | ||
| 650 | _aAstronomy and astrophysics thesaurus | ||
| 650 |
_aCosmic electrodynamics _93143 |
||
| 650 |
_aMagnetohydrodynamics _91666 |
||
| 942 | _cBK | ||
| 999 |
_c11247 _d11247 |
||